=LDR 00000nam 2200000 4500 =001 INLIS000000000054159 =005 20190802094156 =035 ##$$a 0010-0819000001 =007 ta =008 190802###########################0#ind## =084 ##$$a 392.130.959.34 =245 ##$$a Pola pengasuhan anak secara tradisional propinsi daerah istimewa aceh =260 ##$$a Jakarta :$b Departemen pendidikan dan kebudayaan,$c 1990 =300 ##$$a 114 hlm ; $c 21 cm =990 ##$$a 12101210 =990 ##$$a 01201901210